|
|
|
|
| LEADER |
00985cam a2200265 7i4500 |
| 001 |
0000068103 |
| 005 |
20220427090000.0 |
| 020 |
|
|
|a 9780702047473 (pbk)
|
| 090 |
0 |
0 |
|a QM551
|b .Y68 2014
|
| 100 |
1 |
|
|a Young, Barbara
|
| 245 |
0 |
0 |
|a Wheater's functional histology :
|b a text and colour atlas
|c Barbara Young,
Geraldine O?Dowd, Phillip Woodford.
|
| 250 |
|
|
|a Sixth edition.
|
| 264 |
|
|
|a Philadelphia, PA:
|b Churchill Livingston/Elsevier,
|c 2014.
|
| 300 |
|
|
|a 1 online resource (x, 452 pages):
|b color illustrations, text file, PDF.
|
| 336 |
|
|
|a text
|2 rdacontent
|
| 337 |
|
|
|a computer
|2 rdamedia
|
| 338 |
|
|
|a online resource
|2 rdacarrier 0
|
| 650 |
0 |
|
|a Histology --
|x Atlases 0
|
| 655 |
0 |
|
|a Electronic books 1
|
| 700 |
|
|
|a O'Dowd, Geraldine 1
|
| 700 |
|
|
|a Woodford, Phillip 4
|
| 856 |
2 |
|
|u http://library.unisel.edu.my/web/guest/mylibrary
|
| 997 |
|
|
|a Health Sciences, Faculty
|
| 998 |
|
|
|a Medical Laboratory Technology, Diploma
|
| 999 |
|
|
|a EBO0012358
|b EBOOK
|c EBOOK
|e Electronic resources
|